Исследование, проектирование и оптимизация на ЭВМ технологических процессов наложения и вулканизации резиновой оболочки кабельных изделий; Методика расчета режимов вулканизации резиновой изоляции, накладываемой на жилу на агрегате АНИС: Промежуточный отчет о НИР; Тема: х/д 6-54/81

Podrobná bibliografie
Korporativní autor: Томский политехнический институт (ТПИ) (595)
Další autoři: Татарников А. А. (руководитель), Китаева Г. Д. (исполнитель)
Jazyk:ruština
Vydáno: Томск, 1983
Témata:
Médium: MixedMaterials Kniha
KOHA link:https://koha.lib.tpu.ru/cgi-bin/koha/opac-detail.pl?biblionumber=156269

MARC

LEADER 00000nbm0a2200000 4500
001 156269
005 20231101221907.0
029 0 0 |a SU  |b 081091808  |f ТПУ 
035 |a (RuTPU)RU\TPU\book\169507 
035 |a RU\TPU\book\167278 
090 |a 156269 
100 |a 20090325d1983 k y0rusy50 ca 
101 0 |a rus 
102 |a RU 
105 |a a p 001zy 
200 1 |a Исследование, проектирование и оптимизация на ЭВМ технологических процессов наложения и вулканизации резиновой оболочки кабельных изделий  |a Методика расчета режимов вулканизации резиновой изоляции, накладываемой на жилу на агрегате АНИС  |e Промежуточный отчет о НИР  |e Тема: х/д 6-54/81  |f Томский политехнический институт (ТПИ) ; руководитель А. А. Татарников ; Г. Д. Китаева 
210 |a Томск  |d 1983 
215 |a 123 л. 
320 |a Библиогр.: с. 121-123. 
606 1 |a Кабели с резиновой изоляцией  |2 stltpush  |3 (RuTPU)RU\TPU\subj\13368  |9 39985 
610 1 |a вулканизация 
610 1 |a оптимизация 
610 1 |a технологические процессы 
610 1 |a кабельные изделия 
610 1 |a резиновые смеси 
610 1 |a изоляция 
610 1 |a агрегаты 
610 1 |a отчеты о НИР 
675 |a 621.315.211:621.315.616.7(04)  |v 3 
702 1 |a Татарников  |b А. А.  |4 673 
702 1 |a Китаева  |b Г. Д.  |4 677 
712 0 2 |a Томский политехнический институт (ТПИ)  |c (1944-1991)  |2 stltpush  |3 (RuTPU)RU\TPU\col\1123  |4 595 
801 1 |a RU  |b 63413507  |c 20090224  |g PSBO 
801 2 |a RU  |b 63413507  |c 20180528  |g PSBO 
942 |c BK